000
00257nam a22001097a 4500
082
_a
621.3192 FAU'P
100
_a
FAULKNER, E. A
_9
80496
245
_a
PRINCIPLES OF LINEAR CIRCUITS
260
_a
LONDON
_b
CHAPMAN & HALL
_c
1966
300
_a
116P
942
_c
BK
999
_c
585420
_d
585420